Sports Quiz

Random Sports or NFL Quiz

Football Teams by Stadium Quiz Stats

 Plays Quiz not verified by Sporcle

Support Sporcle.
Go Orange.
Score 0/32 Timer 08:00
0 Plays Today
Team % Correct
Green Bay PackersLambeau Field
85.2%
Atlanta FalconsGeorgia Dome
81.5%
Kansas City ChiefsArrowhead Stadium
77.8%
Pittsburgh SteelersHeinz Field
77.8%
Arizona CardinalsUniversity of Phoenix Stadium
74.1%
Detroit LionsFord Field
74.1%
New England PatriotsGillette Stadium
74.1%
Washington RedskinsFedEx Field
74.1%
Chicago BearsSoldier Field
70.4%
Dallas CowboysCowboys Stadium
70.4%
Indianapolis ColtsLucas Oil Stadium
70.4%
San Diego ChargersQualcomm Stadium
66.7%
San Francisco 49ersCandlestick Park
66.7%
New York GiantsMeadowlands Stadium
63%
New York JetsMeadowlands Stadium
63%
Philadelphia EaglesLincoln Financial Field
63%
Team % Correct
Cincinnati BengalsPaul Brown Stadium
55.6%
New Orleans SaintsLouisiana Superdome
55.6%
Seattle SeahawksQwest Field
55.6%
Houston TexansReliant Stadium
51.9%
Miami DolphinsSun Life Stadium
51.9%
Tampa Bay BuccaneersRaymond James Stadium
48.1%
Tennessee TitansLP Field
48.1%
Denver BroncosInvesco Field
44.4%
Baltimore RavensM&T Bank Stadium
37%
Buffalo BillsRalph Wilson Stadium
37%
Carolina PanthersBank of America Stadium
33.3%
Cleveland BrownsCleveland Browns Stadium
29.6%
St. Louis RamsEdward Jones Dome
29.6%
Minnesota VikingsMall of America Field
22.2%
Oakland RaidersOakland-Alameda County Coliseum
18.5%
Jacksonville JaguarsEverBank Field
7.4%

You're not logged in!

Compare scores with friends on all Sporcle quizzes.
OR
Log In

From the Vault

Click a Super Bowl Winner (Minefield)

by jjpn73

Eventually, this quiz will just be 'Click all the teams'.
Remove Ads.
Support Sporcle.
Get the best of Sporcle when you Go Orange. This ad-free experience offers more features, more stats, and more fun while also helping to support Sporcle. Thank you for becoming a member.

Show Comments

Extras

Top Quizzes Today


Score Distribution

Your Account Isn't Verified!

In order to create a playlist on Sporcle, you need to verify the email address you used during registration. Go to your Sporcle Settings to finish the process.

Report this User

Report this user for behavior that violates our Community Guidelines.

Details: